[Event "Guernsey Open 2012"]
[Site "?"]
[Date "2012.10.27"]
[Round "7"]
[White "Hebden, Mark"]
[Black "Mack, Wolfgang"]
[Result "1-0"]
[WhiteElo "2529"]
[BlackElo "2283"]
[PlyCount "53"]
[EventDate "2012.10.21"]
[EventType "swiss"]
[SourceDate "2012.10.30"]

1. d4 g6 2. e4 Bg7 3. Nf3 d6 4. Bc4 e6 5. O-O Ne7 6. c3 h6 7. Nbd2 Nd7 8. a4
O-O 9. Re1 d5 10. Bd3 dxe4 11. Nxe4 Nf5 12. a5 Nd6 13. Ng3 Nf6 14. Bf4 Bd7 15.
Ne5 Rc8 16. Bc2 Qe7 17. Bb3 c6 18. c4 Rfd8 19. d5 cxd5 20. cxd5 Be8 21. dxe6
fxe6 22. Nxg6 Bxg6 23. Rxe6 Qf8 24. Bxd6 Bf7 25. Nf5 Rc6 26. Rxf6 Bxf6 27.
Bxf7+ 1-0

[Event "Guernsey Open 2012"]
[Site "?"]
[Date "2012.10.27"]
[Round "7"]
[White "Morin, Yves"]
[Black "Tischbierek, Raj"]
[Result "0-1"]
[WhiteElo "2183"]
[BlackElo "2468"]
[PlyCount "68"]
[EventDate "2012.10.21"]
[EventType "swiss"]
[SourceDate "2012.10.30"]

1. e4 c5 2. Nc3 a6 3. g3 b5 4. Bg2 Bb7 5. d3 e6 6. a3 Nf6 7. Nge2 d5 8. exd5
Nxd5 9. O-O Be7 10. Bd2 O-O 11. Rb1 Nxc3 12. Nxc3 Bxg2 13. Kxg2 Nc6 14. Be3 Rc8
15. Re1 Qd7 16. Kg1 Nd4 17. Ne4 Rfd8 18. Nd2 Nf5 19. Nf3 Qd5 20. Qe2 Bf8 21.
Red1 Nd4 22. Bxd4 cxd4 23. Ne1 e5 24. Qe4 Qe6 25. f4 exf4 26. Qxf4 Rd5 27. Qf2
g6 28. Ng2 Rf5 29. Qd2 Rfc5 30. Ne1 Be7 31. Kf1 Bg5 32. Qe2 Rf5+ 33. Nf3 Qd5
34. Kg2 Qxf3+ 0-1

[Event "Guernsey Open 2012"]
[Site "?"]
[Date "2012.10.27"]
[Round "7"]
[White "Hillarp Persson, Tiger"]
[Black "Purdon, Colin"]
[Result "1/2-1/2"]
[WhiteElo "2556"]
[BlackElo "2099"]
[PlyCount "97"]
[EventDate "2012.10.21"]
[EventType "swiss"]
[SourceDate "2012.10.30"]

1. e4 e6 2. d4 d5 3. e5 c5 4. c3 Nc6 5. Nf3 Bd7 6. Be2 Nge7 7. dxc5 Ng6 8. Be3
Be7 9. O-O Ngxe5 10. Nxe5 Nxe5 11. Nd2 O-O 12. a4 Qc7 13. b4 Ng6 14. Nb3 Bf6
15. Qd2 Rfd8 16. f4 Ne7 17. Bd4 Bxd4+ 18. cxd4 f6 19. b5 Be8 20. Bg4 Bf7 21.
Rae1 f5 22. Bd1 Kf8 23. g4 Qd7 24. g5 a6 25. c6 bxc6 26. b6 a5 27. Nc5 Qd6 28.
b7 Ra7 29. Be2 Rb8 30. Rb1 Ng6 31. Qe3 Kg8 32. Kg2 Qe7 33. Kg3 h6 34. h4 hxg5
35. hxg5 Raxb7 36. Nxb7 Rxb7 37. Rxb7 Qxb7 38. Qc3 Qc7 39. Qc5 Be8 40. Qc1 Qb6
41. Qe3 e5 42. fxe5 f4+ 43. Rxf4 Nxf4 44. Qxf4 Qb4 45. Bg4 Qc3+ 46. Kg2 Qc2+
47. Kg3 Qc3+ 48. Kg2 Qc2+ 49. Kg3 1/2-1/2

[Event "Guernsey Open 2012"]
[Site "?"]
[Date "2012.10.27"]
[Round "7"]
[White "Houska, Jovanka"]
[Black "Goater, Kevin P"]
[Result "1-0"]
[WhiteElo "2398"]
[BlackElo "2147"]
[PlyCount "151"]
[EventDate "2012.10.21"]
[EventType "swiss"]
[SourceDate "2012.10.30"]

1. d4 g6 2. Nf3 Bg7 3. c4 d6 4. g3 b6 5. Bg2 Bb7 6. O-O e6 7. Qc2 Nd7 8. Nc3
Ne7 9. e4 O-O 10. Be3 h6 11. Qd2 Kh7 12. Rad1 Nf6 13. Qc2 a6 14. h3 Rb8 15. a4
Qd7 16. Rfe1 Rfd8 17. Bf4 Nh5 18. Bc1 Nf6 19. b3 Qe8 20. Bb2 Nd7 21. Kh2 Qh8
22. Re2 Nc6 23. d5 Nb4 24. Qd2 Nc5 25. Na2 Bxb2 26. Qxb4 Bg7 27. Nc1 e5 28. Qc3
a5 29. Nd3 Na6 30. Nfe1 Qe8 31. Nc2 Ra8 32. Na3 Qd7 33. Qc2 Bc8 34. Nb5 Qe7 35.
f4 f6 36. Rf1 Rf8 37. Qd2 Bb7 38. f5 g5 39. Bf3 Bc8 40. h4 Bd7 41. hxg5 hxg5
42. Kg1 Rh8 43. Kf2 Kg8 44. Ke1 Kf7 45. Rff2 Rh7 46. Rh2 Rah8 47. Nc3 Kf8 48.
Rxh7 Rxh7 49. Rh2 Rxh2 50. Qxh2 Be8 51. Bh5 Bxh5 52. Qxh5 Qf7 53. Qh2 Ke8 54.
Ke2 Kd7 55. Nb5 c6 56. dxc6+ Kxc6 57. Kf3 Bf8 58. Kg4 Nc5 59. Nxc5 Kxc5 60.
Qg1+ Kc6 61. Nc3 Be7 62. Qd1 Bd8 63. Nb5 Be7 64. Nc3 Bd8 65. Qh1 Qg7 66. Nd5
Kc5 67. Qh5 Qf8 68. Kf3 Kd4 69. Qh1 Kc5 70. Ke3 Qg7 71. Qh5 Qg8 72. Qh6 Qe8 73.
Qg7 Kc6 74. Qg6 Qh8 75. Qf7 Kc5 76. Qd7 1-0

[Event "Guernsey Open 2012"]
[Site "?"]
[Date "2012.10.27"]
[Round "7"]
[White "Wismayer, Clive R"]
[Black "Brooks, Philip"]
[Result "1/2-1/2"]
[WhiteElo "2099"]
[BlackElo "2230"]
[PlyCount "140"]
[EventDate "2012.10.21"]
[EventType "swiss"]
[SourceDate "2012.10.30"]

1. e4 e6 2. d4 d5 3. e5 c5 4. c3 Qb6 5. Nf3 Nc6 6. a3 c4 7. Nbd2 Na5 8. Be2 Bd7
9. O-O Be7 10. Rb1 Rc8 11. g3 h5 12. Ne1 g6 13. Ng2 Nh6 14. h3 Nf5 15. g4 hxg4
16. hxg4 Nh4 17. Nxh4 Rxh4 18. Kg2 Nb3 19. Nxb3 Ba4 20. Bf4 Bxb3 21. Qd2 Kd7
22. Bg3 Rh7 23. Rh1 Rch8 24. Rxh7 Rxh7 25. f4 Qd8 26. Rc1 a5 {(=)} 27. Qe1 b5
28. Qf2 Qf8 29. Bf3 Qh6 30. Kg1 Qh3 31. Qg2 Qxg2+ 32. Kxg2 Rh8 33. Kf2 Rh7 34.
Bg2 Rh8 35. Ke3 Rh7 36. f5 g5 37. Bf2 Rh8 38. Kf3 Bf8 39. Be3 Rg8 40. Kg3 Ke8
41. Bf3 Kd7 42. f6 Rg6 43. Bd1 Bxd1 44. Rxd1 a4 45. Rh1 Bh6 46. Bc1 Kc6 47. Kf3
Kd7 48. Ke2 Kc6 49. Kd1 Kd7 50. Kc2 Kc6 51. Bd2 Kd7 52. Rh5 Kc6 53. Kb1 Kd7 54.
b3 cxb3 55. Kb2 Kc6 56. Bc1 Kb6 57. Bd2 Kc6 58. Be3 Kb6 59. c4 bxc4 60. Bd2 Kb5
61. Bb4 Ka6 62. Kc3 Kb5 63. Rh2 Ka6 64. Be7 Kb5 65. Bd8 Bf8 66. Kb2 Rh6 67.
Rxh6 Bxh6 68. Be7 Kc6 69. Bb4 Kd7 70. Bd2 Kc6 1/2-1/2

[Event "Guernsey Open 2012"]
[Site "?"]
[Date "2012.10.27"]
[Round "7"]
[White "Broek, Thomas"]
[Black "Dilleigh, Stephen"]
[Result "0-1"]
[WhiteElo "2217"]
[BlackElo "2099"]
[PlyCount "62"]
[EventDate "2012.10.21"]
[EventType "swiss"]
[SourceDate "2012.10.30"]

1. e4 e6 2. Qe2 c5 3. g3 Nc6 4. Bg2 g6 5. Nf3 Bg7 6. O-O Nge7 7. Re1 O-O 8. d3
d6 9. Nbd2 e5 10. c3 h6 11. h3 Be6 12. a3 Qd7 13. Kh2 b5 14. d4 exd4 15. cxd4
Nxd4 16. Nxd4 cxd4 17. e5 dxe5 18. Bxa8 Rxa8 19. Ne4 Bc4 20. Qd1 f5 21. Nc5 Qd6
22. b4 Nc6 23. Bd2 g5 24. a4 e4 25. axb5 Ne5 26. Ra3 Qd5 27. Na6 Rc8 28. Nc5 e3
29. Bxe3 Nf3+ 30. Kh1 Nxe1+ 31. f3 Nxf3 0-1

[Event "Guernsey Open 2012"]
[Site "?"]
[Date "2012.10.27"]
[Round "7"]
[White "Jackson, Oliver A"]
[Black "Burrows, Martin"]
[Result "0-1"]
[WhiteElo "2189"]
[BlackElo "2108"]
[PlyCount "116"]
[EventDate "2012.10.21"]
[EventType "swiss"]
[SourceDate "2012.10.30"]

1. e4 c5 2. Nc3 Nc6 3. f4 g6 4. Nf3 Bg7 5. Bb5 Nd4 6. O-O Nxb5 7. Nxb5 d5 8.
exd5 a6 9. Nc3 Nf6 10. d4 c4 11. Ne5 Nxd5 12. Qe2 Be6 13. Kh1 Rc8 14. Ne4 Nf6
15. f5 Bxf5 16. Nxf7 Kxf7 17. Ng5+ Ke8 18. Rxf5 gxf5 19. Ne6 Qd5 20. Nxg7+ Kd7
21. Bg5 Ne4 22. Bf4 h5 23. Be5 Rcf8 24. Nxh5 Rh7 25. Kg1 c3 26. b3 Qb5 27. Qd1
Rg8 28. a4 Qc6 29. Nf4 {(=)} Nd2 30. Qe2 Qe4 31. Qxe4 Nxe4 32. Re1 Rh6 33. Re3
b5 34. a5 b4 35. Nd5 Nd6 36. Bf4 Rh7 37. Nxb4 Nb5 38. Nxa6 Rh4 39. g3 Rxf4 40.
Nc5+ Kc8 41. Rxe7 Rxd4 42. a6 Rd1+ 43. Kf2 Ra1 44. Na4 Rg6 45. Rb7 Nc7 46. Nb6+
Rxb6 47. Rxb6 Kd7 48. Ke2 Nxa6 49. Kd3 Nc7 50. Rg6 Nd5 51. Kc4 Rd1 52. h4 Ke7
53. h5 Kf7 54. b4 Nf6 55. Kxc3 Rh1 56. Kd4 Rxh5 57. Rxf6+ Kxf6 58. b5 Ke6 0-1

[Event "Guernsey Open 2012"]
[Site "?"]
[Date "2012.10.27"]
[Round "7"]
[White "Gant, Christopher"]
[Black "Bakker, Joop"]
[Result "1/2-1/2"]
[WhiteElo "2170"]
[BlackElo "1982"]
[PlyCount "105"]
[EventDate "2012.10.21"]
[EventType "swiss"]
[SourceDate "2012.10.30"]

1. d4 g6 2. e4 Bg7 3. Nf3 c6 4. Bd3 d5 5. Nc3 dxe4 6. Nxe4 Nd7 7. Qe2 Qc7 8.
O-O Ndf6 9. Neg5 Nh6 10. Re1 Bg4 11. h3 Bxf3 12. Nxf3 e6 13. Bg5 Nf5 14. Bxf5
gxf5 15. Rad1 Ne4 16. Bh4 Bf6 17. Bxf6 Nxf6 18. Ng5 Qd6 19. Qe5 Qxe5 20. dxe5
Nd5 21. c4 Nb6 22. b3 h6 23. Nf3 Ke7 24. Rd4 Rad8 25. Red1 c5 26. Rxd8 Rxd8 27.
Rxd8 Kxd8 28. Kh2 Nd7 29. Kg3 f6 30. exf6 Nxf6 31. Kf4 Ke7 32. Ne5 Ne4 33. f3
Nd6 34. g4 b6 35. Nc6+ Kf6 36. Nxa7 e5+ 37. Ke3 f4+ 38. Kd3 Kg5 39. Nb5 Nf7 40.
Nc3 Kh4 41. Ne4 Kxh3 42. a3 Kg2 43. Nd2 Ng5 44. b4 Nxf3 45. Ne4 cxb4 46. axb4
Nd4 47. c5 bxc5 48. bxc5 f3 49. Ke3 Nc2+ 50. Kd3 Nd4 51. Ke3 Nc2+ 52. Kd3 Nd4
53. Ke3 1/2-1/2

[Event "Guernsey Open 2012"]
[Site "?"]
[Date "2012.10.27"]
[Round "7"]
[White "Lenier, Jude"]
[Black "Hamperl, Fred"]
[Result "1/2-1/2"]
[WhiteElo "2046"]
[BlackElo "2130"]
[PlyCount "70"]
[EventDate "2012.10.21"]
[EventType "swiss"]
[SourceDate "2012.10.30"]

1. e4 c5 2. Nf3 Nc6 3. d4 cxd4 4. Nxd4 e5 5. Nb5 d6 6. N1c3 a6 7. Na3 b5 8. Nd5
Nce7 9. c4 Nxd5 10. exd5 bxc4 11. Nxc4 Nf6 12. Be3 Rb8 13. Be2 Be7 14. O-O O-O
15. a4 Bb7 16. Nb6 Nd7 17. a5 f5 18. f3 Nxb6 19. Bxb6 Qe8 20. b4 Rf6 21. Qb3
Qf7 22. b5 Bxd5 23. Qa4 axb5 24. Bxb5 Rh6 25. Bc6 Bxc6 26. Qxc6 d5 27. Qc7 Bd6
28. Qxf7+ Kxf7 29. a6 Rxb6 30. a7 Bc5+ 31. Kh1 Rxh2+ 32. Kxh2 Rh6+ 33. Kg3 Rg6+
34. Kh3 Rh6+ 35. Kg3 Rg6+ 1/2-1/2

[Event "Guernsey Open 2012"]
[Site "?"]
[Date "2012.10.27"]
[Round "7"]
[White "Prins, Jan"]
[Black "Godard, Maxence"]
[Result "1-0"]
[WhiteElo "2040"]
[BlackElo "2371"]
[PlyCount "129"]
[EventDate "2012.10.21"]
[EventType "swiss"]
[SourceDate "2012.10.30"]

1. d4 Nf6 2. Nf3 e6 3. g3 d5 4. Bg2 c5 5. O-O Nc6 6. b3 Be7 7. Bb2 O-O 8. e3 b6
9. Ne5 Bb7 10. Nd2 Rc8 11. c4 cxd4 12. exd4 dxc4 13. Ndxc4 Nd5 14. Rc1 b5 15.
Nxc6 Bxc6 16. Ne5 Ba8 17. a3 Bg5 18. Rc5 a6 19. Qe2 Qd6 20. b4 Bb7 21. Bh3 Bf6
22. Rfc1 Nb6 23. Bg2 Bxg2 24. Kxg2 Bxe5 25. Rxc8 Rxc8 26. Qxe5 Qd5+ 27. Qxd5
exd5 28. Rc5 f6 29. Bc1 Kf7 30. Kf3 Ke6 31. g4 Kd7 32. Rxc8 Nxc8 33. Kf4 Ke6
34. f3 Nd6 35. Ke3 f5 36. g5 Nc4+ 37. Kf4 a5 38. h3 axb4 39. axb4 Nd6 40. Bd2
Nf7 41. Kg3 Nd8 42. Kf2 Nc6 43. Bc3 Ne7 44. Bd2 Ng6 45. Bc3 h6 46. h4 h5 47.
Ke3 f4+ 48. Kd3 Kf5 49. Ke2 Nf8 50. Bb2 Ne6 51. Bc3 Nf8 52. Bd2 Ng6 53. Be1 Nh8
54. Kd3 Nf7 55. Bc3 Nxg5 56. hxg5 h4 57. Ke2 Kxg5 58. Kf2 Kf5 59. Kg2 g5 60.
Be1 Kf6 61. Kh3 Kf5 62. Bf2 Kf6 63. Kg4 Kg6 64. Bxh4 gxh4 65. Kxh4 1-0

[Event "Guernsey Open 2012"]
[Site "?"]
[Date "2012.10.27"]
[Round "7"]
[White "Sprotte, Norbert"]
[Black "Maloberti, David"]
[Result "1/2-1/2"]
[WhiteElo "2145"]
[BlackElo "2045"]
[PlyCount "99"]
[EventDate "2012.10.21"]
[EventType "swiss"]
[SourceDate "2012.10.30"]

1. d4 Nf6 2. Nf3 g6 3. Nc3 Bg7 4. e4 d6 5. Be2 O-O 6. O-O c5 7. d5 h6 8. h3 e5
9. dxe6 Bxe6 10. Be3 Nc6 11. Qd2 Kh7 12. Rad1 Ne8 13. e5 dxe5 14. Qxd8 Nxd8 15.
Bxc5 Rg8 16. Bxa7 Nc6 17. Bb6 Nd4 18. a3 Nxc2 19. Rd2 Nd4 20. Nxd4 exd4 21.
Bxd4 Rd8 22. Rfd1 Nf6 23. Bf3 Rd7 24. Be5 Rxd2 25. Rxd2 Ne4 26. Bxe4 Bxe5 27.
Bxb7 Rb8 28. Ba6 Rb6 29. Be2 Bb3 30. g3 Rc6 31. Bf3 Rc5 32. Ne2 Rb5 33. Nd4 Rb6
34. Nc6 Bf6 35. Nb4 Kg7 36. Kf1 Bg5 37. Rd7 Bc1 38. Bd5 Bxd5 39. Nxd5 Rxb2 40.
a4 Ra2 41. Nb6 Ba3 42. Rd5 Bb4 43. Rb5 Bc3 44. f4 h5 45. Rd5 f6 46. g4 hxg4 47.
hxg4 Kf7 48. f5 gxf5 49. gxf5 Kg7 50. Rd3 1/2-1/2

[Event "Guernsey Open 2012"]
[Site "?"]
[Date "2012.10.27"]
[Round "7"]
[White "Minnican, Alan"]
[Black "Archer, Richard"]
[Result "1-0"]
[WhiteElo "2120"]
[BlackElo "2022"]
[PlyCount "97"]
[EventDate "2012.10.21"]
[EventType "swiss"]
[SourceDate "2012.10.30"]

1. c4 Nf6 2. Nf3 c6 3. Nc3 d5 4. e3 e6 5. Qc2 Be7 6. b3 Nbd7 7. Bb2 b6 8. Be2
Bb7 9. d4 Rc8 10. O-O O-O 11. Rfd1 Qc7 12. Rac1 Rfd8 13. Qb1 Qb8 {(=)} 14. Bf1
Bd6 15. g3 Re8 16. Bg2 Ba6 17. e4 dxe4 18. Nxe4 Nxe4 19. Qxe4 h6 20. Re1 Bb7
21. Rcd1 Bf8 22. a3 g6 23. h4 Bg7 24. Qe2 Rcd8 25. b4 Qa8 26. c5 a5 27. Ra1 Ba6
28. Qc2 bxc5 29. dxc5 Bxb2 30. Qxb2 Bc4 31. Nd2 Bd5 32. Ne4 Bxe4 33. Bxe4 axb4
34. axb4 Qb7 35. Qc3 f5 36. Bd3 Kf7 37. Ra4 Nf6 38. Rea1 Ra8 39. Qe5 Nd5 40.
Rxa8 Rxa8 41. Re1 Re8 42. h5 gxh5 43. Bxf5 Qe7 44. Bxe6+ Kg6 45. b5 Nc7 46.
Bf5+ Kf7 47. Bg6+ Kxg6 48. Qxe7 Rxe7 49. Rxe7 1-0

[Event "Guernsey Open 2012"]
[Site "?"]
[Date "2012.10.27"]
[Round "7"]
[White "Lehmann, Stefan"]
[Black "Heppell, Ian N"]
[Result "1/2-1/2"]
[WhiteElo "1992"]
[BlackElo "2118"]
[PlyCount "97"]
[EventDate "2012.10.21"]
[EventType "swiss"]
[SourceDate "2012.10.30"]

1. e4 e5 2. Nf3 d6 3. Bc4 Be7 4. O-O Nf6 5. d3 O-O 6. h3 c6 7. c3 Nbd7 8. Re1
Qc7 9. Nbd2 d5 10. exd5 cxd5 11. Bb3 Bd6 12. Nf1 Re8 13. Bg5 h6 14. Bh4 g5 15.
Bg3 Nb6 16. Qd2 Nh5 17. h4 f6 18. hxg5 hxg5 19. Bxe5 Rxe5 20. Nxe5 Bxe5 21. d4
Bf4 22. Qd3 Ng7 23. g3 Bd6 24. Qf3 Qf7 25. Ne3 Be6 26. Re2 Rf8 27. Ng4 Qg6 28.
Rae1 Bxg4 29. Qxg4 f5 30. Qf3 Qf7 31. Kg2 g4 32. Qd3 f4 33. Rh1 f3+ 34. Kg1 Qf5
35. Qxf5 Nxf5 36. Re4 Kg7 37. Rxg4+ Kf6 38. Bd1 Nc4 39. Bxf3 Nxb2 40. Bxd5 Nd1
41. c4 Re8 42. Be4 Nc3 43. Bxb7 Ne2+ 44. Kg2 Nexd4 45. Re4 Rb8 46. Rh7 Bc5 47.
Rd7 Ne6 48. Bd5 Ng5 49. Re2 1/2-1/2

[Event "Guernsey Open 2012"]
[Site "?"]
[Date "2012.10.27"]
[Round "7"]
[White "Havenaar, Jan"]
[Black "Morcom, Huw"]
[Result "1/2-1/2"]
[WhiteElo "2111"]
[BlackElo "1958"]
[PlyCount "50"]
[EventDate "2012.10.21"]
[EventType "swiss"]
[SourceDate "2012.10.30"]

1. e4 g6 2. f4 Bg7 3. Nf3 c6 4. d4 d5 5. e5 h5 6. Be3 Qb6 7. Qc1 Nh6 8. Nbd2
Bg4 9. g3 Bxf3 10. Nxf3 e6 11. h3 Nd7 12. Be2 Bf8 13. c3 c5 14. dxc5 Bxc5 15.
Nd4 Nf5 16. Nxf5 gxf5 17. Bxc5 Nxc5 18. Qe3 Ne4 19. Qxb6 axb6 20. Rg1 Ke7 21.
Bf3 Ra4 22. b3 Ra7 23. Bxe4 dxe4 24. Ke2 Rc8 25. Rgc1 Rg8 1/2-1/2

[Event "Guernsey Open 2012"]
[Site "?"]
[Date "2012.10.27"]
[Round "7"]
[White "Lewyk, Ihor"]
[Black "Bullen, Alex"]
[Result "1/2-1/2"]
[WhiteElo "2079"]
[BlackElo "1821"]
[PlyCount "54"]
[EventDate "2012.10.21"]
[EventType "swiss"]
[SourceDate "2012.10.30"]

1. Nf3 d5 2. d4 Nf6 3. e3 e6 4. Bd3 Nbd7 5. O-O Bd6 6. Nbd2 O-O 7. c3 c5 8. Re1
Qc7 9. e4 dxe4 10. Nxe4 Nxe4 11. Bxe4 Nf6 12. Bg5 Nxe4 13. Rxe4 b6 14. dxc5
bxc5 15. Rh4 f6 16. Bd2 Bb7 17. Ne1 Rad8 18. Qe2 Rfe8 19. Rd1 Re7 20. c4 Be5
21. Rb1 Rd4 22. Rxd4 Bxd4 23. b3 e5 24. Rd1 Rd7 25. Be3 Qd8 26. Rc1 Rd6 27. h3
Bc6 1/2-1/2

[Event "Guernsey Open 2012"]
[Site "?"]
[Date "2012.10.27"]
[Round "7"]
[White "Wager, John"]
[Black "Collier, David O"]
[Result "1-0"]
[WhiteElo "2023"]
[BlackElo "2098"]
[PlyCount "68"]
[EventDate "2012.10.21"]
[EventType "swiss"]
[SourceDate "2012.10.30"]

1. d4 Nf6 2. Nc3 d5 3. Bg5 Nbd7 4. f3 h6 5. Bh4 e6 6. e4 Bb4 7. e5 g5 8. Bf2
Ng8 9. h4 c5 10. hxg5 Qxg5 11. Nh3 Qd8 12. a3 Bxc3+ 13. bxc3 Qa5 14. Qd2 cxd4
15. cxd4 Qxd2+ 16. Kxd2 Nb6 17. Bh4 Bd7 18. Nf4 h5 19. Bg5 h4 20. g3 Rc8 21.
gxh4 Ba4 22. Bd3 Nc4+ 23. Bxc4 dxc4 24. c3 Bc6 25. Ke3 Ne7 26. Bxe7 Kxe7 27. h5
Rcg8 28. Rag1 Kf8 29. d5 Bxd5 30. Rxg8+ Rxg8 31. Nxd5 exd5 32. h6 Ke7 33. h7
Rh8 34. Kd4 Kf8 1-0

[Event "Guernsey Open 2012"]
[Site "?"]
[Date "2012.10.27"]
[Round "7"]
[White "Van Dijk, Bram"]
[Black "Taylor, Robert"]
[Result "0-1"]
[WhiteElo "2083"]
[BlackElo "1920"]
[PlyCount "78"]
[EventDate "2012.10.21"]
[EventType "swiss"]
[SourceDate "2012.10.30"]

1. e4 c5 2. Nc3 Nc6 3. Bc4 e6 4. d3 Nf6 5. Nge2 Be7 6. O-O O-O 7. a3 a6 8. Ba2
b5 9. Nf4 Qc7 10. Be3 Bb7 11. Nh5 Nxh5 12. Qxh5 Qe5 13. Qh3 f5 14. f4 Qf6 15.
exf5 Qxf5 16. g4 Qf7 17. f5 Ne5 18. Ne4 Bxe4 19. dxe4 c4 20. Rad1 exf5 21. exf5
Rac8 22. g5 Bc5 23. Qg3 Bxe3+ 24. Qxe3 Rfe8 25. Qf4 Qh5 26. f6 gxf6 27. gxf6
Rf8 28. Rd2 Kh8 29. Rg2 Ng6 30. Qd4 Qc5 31. Rd2 Qxd4+ 32. Rxd4 Rc6 33. f7 Ne5
34. c3 Rg6+ 35. Kh1 Kg7 36. Bb1 Rg5 37. Rd6 Rxf7 38. Rxf7+ Kxf7 39. Rxa6 Nf3
0-1

[Event "Guernsey Open 2012"]
[Site "?"]
[Date "2012.10.27"]
[Round "7"]
[White "Hawkins, Nick"]
[Black "Haria, Ravi"]
[Result "0-1"]
[WhiteElo "2001"]
[BlackElo "2034"]
[PlyCount "134"]
[EventDate "2012.10.21"]
[EventType "swiss"]
[SourceDate "2012.10.30"]

1. Nf3 Nf6 2. b3 d6 3. d4 g6 4. Bb2 Bg7 5. g3 O-O 6. Bg2 c5 7. dxc5 Qa5+ 8.
Nbd2 Qxc5 9. O-O Qc7 10. c4 Nc6 11. e4 Nd7 12. Bxg7 Kxg7 13. Qc2 a5 14. a3 f6
15. Qb2 Nde5 16. h3 Qb6 17. Qc3 Be6 18. a4 Qb4 19. Qxb4 Nxf3+ 20. Nxf3 Nxb4 21.
Rfd1 Rac8 22. Nd4 Bd7 23. Nb5 b6 24. Rd2 Rcd8 25. Rad1 Na6 26. Re1 Bxb5 27.
axb5 Nc5 28. Re3 e5 29. Bf1 Ne6 30. Be2 Nd4 31. Bd1 Kf7 32. Kg2 Kg7 33. Red3 h5
34. Rxd4 exd4 35. Rxd4 Kf7 36. f4 h4 37. g4 Ke7 38. Bc2 Rd7 39. Kf3 Kd8 40. Ke3
Kc7 41. Rd5 Re7 42. f5 Re5 43. fxg6 Rg8 44. Rd2 Rxg6 45. Rf2 Kd7 46. Kd4 Ke7
47. Rf5 Rg5 48. Rf3 Rg8 49. Bd3 Ra8 50. Bc2 Rf8 51. Rf4 Ra8 52. Rf3 Rf8 53. Rf4
Rd8 54. Bd3 Rc8 55. Rf3 f5 56. Rxf5 Rxf5 57. exf5 Kf6 58. Kd5 Re8 59. Kc6 Re3
60. Bc2 Rxh3 61. Kxb6 Re3 62. Kxa5 h3 63. b6 Re5+ 64. c5 h2 65. b7 Rxc5+ 66.
Kb4 h1=Q 67. b8=Q Qe1+ 0-1

[Event "Guernsey Open 2012"]
[Site "?"]
[Date "2012.10.27"]
[Round "7"]
[White "Fathallah, Joe"]
[Black "Goris, Ton"]
[Result "0-1"]
[WhiteElo "1986"]
[BlackElo "2029"]
[PlyCount "68"]
[EventDate "2012.10.21"]
[EventType "swiss"]
[SourceDate "2012.10.30"]

1. d4 Nf6 2. c4 c5 3. d5 e6 4. Nc3 exd5 5. cxd5 d6 6. e4 g6 7. f4 Bg7 8. Bb5+
Nbd7 9. e5 dxe5 10. fxe5 Nh5 11. e6 Qh4+ 12. g3 Nxg3 13. exd7+ Bxd7 14. Nf3
Bxc3+ 15. bxc3 Qe4+ 16. Kd2 Nxh1 17. Bxd7+ Kxd7 18. Qxh1 Rhe8 19. Qf1 Qxd5+ 20.
Qd3 Kc6 21. Qxd5+ Kxd5 22. Ba3 Rad8 23. Re1 Kc4+ 24. Kc2 Rxe1 25. Nxe1 Re8 26.
Kd2 b5 27. Nf3 f6 28. Bb2 a5 29. Ne1 b4 30. cxb4 axb4 31. Nc2 f5 32. a3 Kb3 33.
Kc1 bxa3 34. Bxa3 Re2 0-1

[Event "Guernsey Open 2012"]
[Site "?"]
[Date "2012.10.27"]
[Round "7"]
[White "Haverkamp, Klaus"]
[Black "Canonne, Antoine"]
[Result "1-0"]
[WhiteElo "2023"]
[BlackElo "2014"]
[PlyCount "71"]
[EventDate "2012.10.21"]
[EventType "swiss"]
[SourceDate "2012.10.30"]

1. e4 c5 2. Nf3 e6 3. d4 cxd4 4. Nxd4 Bc5 5. Nb3 Bb6 6. Nc3 Ne7 7. Bf4 O-O 8.
Bd6 f5 9. Be2 Nbc6 10. exf5 Rxf5 11. Ne4 Ng6 12. O-O Qh4 13. Nbd2 Nd4 14. Bg4
Rf7 15. Bg3 Qd8 16. Nd6 Rf8 17. N2e4 Nh4 18. c4 Ndf5 19. c5 Bc7 20. Be5 Ng6 21.
Bxf5 Nxe5 22. Bxh7+ Kxh7 23. Qh5+ Kg8 24. Ng5 Qxg5 25. Qxg5 Nf7 26. Qd2 Nxd6
27. cxd6 Bb6 28. Rac1 a6 29. Rc4 Bd8 30. Rfc1 Bf6 31. R1c2 b5 32. Rc7 Rb8 33.
Qc1 Bb7 34. Rxd7 Be4 35. Rcc7 Bd4 36. Qg5 1-0

[Event "Guernsey Open 2012"]
[Site "?"]
[Date "2012.10.27"]
[Round "7"]
[White "Waters, Andrew C"]
[Black "Bolt, Graham"]
[Result "0-1"]
[WhiteElo "1938"]
[BlackElo "2063"]
[PlyCount "62"]
[EventDate "2012.10.21"]
[EventType "swiss"]
[SourceDate "2012.10.30"]

1. e4 g6 2. d4 Bg7 3. Nc3 d6 4. Be3 a6 5. Bc4 e6 6. Qd2 Nd7 7. Nge2 b5 8. Bb3
Bb7 9. f3 Ne7 10. Bh6 O-O 11. Bxg7 Kxg7 12. O-O-O Nf6 13. Qe3 Qc8 14. d5 exd5
15. exd5 Re8 16. Qf2 Qf5 17. Ng3 Qf4+ 18. Qd2 Qxd2+ 19. Rxd2 b4 20. Nce4 Nexd5
21. h4 Nxe4 22. Nxe4 Nf6 23. Ng5 Re7 24. Kd1 h6 25. Nh3 Nh5 26. Ba4 Ng3 27. Re1
Rxe1+ 28. Kxe1 Nf5 29. h5 g5 30. g4 Nh4 31. Rf2 Nxf3+ 0-1

[Event "Guernsey Open 2012"]
[Site "?"]
[Date "2012.10.27"]
[Round "7"]
[White "Westerkamp, Bert"]
[Black "Oehne, Timo"]
[Result "1/2-1/2"]
[WhiteElo "2059"]
[BlackElo "1926"]
[PlyCount "52"]
[EventDate "2012.10.21"]
[EventType "swiss"]
[SourceDate "2012.10.30"]

1. Nf3 g6 2. d4 Bg7 3. Bf4 e6 4. e3 Ne7 5. c4 d6 6. Nc3 Nbc6 7. Be2 O-O 8. O-O
a6 9. Rc1 e5 10. dxe5 dxe5 11. Bg3 Nf5 12. Qxd8 Rxd8 13. Nd5 Nxg3 14. hxg3 Bg4
15. Rfe1 Rd7 16. Ng5 Bxe2 17. Rxe2 Nd8 18. Ne4 Kh8 19. Nc5 Rd6 20. Ne4 Rd7 21.
Nef6 Bxf6 22. Nxf6 Rd6 23. Ne4 Rd7 24. Nf6 Rd6 25. Ne4 Rd7 26. Nc5 Rd6 1/2-1/2

[Event "Guernsey Open 2012"]
[Site "?"]
[Date "2012.10.27"]
[Round "7"]
[White "Spanton, Timothy R"]
[Black "Casiot, David"]
[Result "1-0"]
[WhiteElo "1994"]
[BlackElo "2046"]
[PlyCount "59"]
[EventDate "2012.10.21"]
[EventType "swiss"]
[SourceDate "2012.10.30"]

1. c4 e5 2. g3 Bc5 3. Bg2 Nc6 4. Nc3 d6 5. e3 Nf6 6. Nge2 Bg4 7. h3 Bd7 8. O-O
O-O 9. Kh2 Re8 10. d4 Bb6 11. b3 Rb8 12. Bb2 Ne7 13. Qd2 Ng6 14. Rad1 c6 15.
dxe5 dxe5 16. Ne4 Be6 17. Nd6 Re7 18. Qc2 Rd7 19. Ba3 Bc7 20. c5 Nd5 21. e4 Nf6
22. f4 exf4 23. gxf4 Ng4+ 24. hxg4 Bxg4 25. Rh1 Bxd6 26. cxd6 h5 27. e5 Nxf4
28. Nxf4 Bxd1 29. Qxd1 Qh4+ 30. Nh3 1-0

[Event "Guernsey Open 2012"]
[Site "?"]
[Date "2012.10.27"]
[Round "7"]
[White "Campbell, Ian"]
[Black "Hermes, Geoff"]
[Result "1/2-1/2"]
[WhiteElo "2000"]
[BlackElo "1979"]
[PlyCount "37"]
[EventDate "2012.10.21"]
[EventType "swiss"]
[SourceDate "2012.10.30"]

1. d4 d6 2. Nf3 Bg4 3. Nbd2 Nd7 4. h3 Bh5 5. c4 Ngf6 6. Qb3 Rb8 7. e3 e5 8. d5
Nc5 9. Qc3 Be7 10. b4 Nce4 11. Nxe4 Nxe4 12. Qc2 f5 13. Bd3 O-O 14. g4 Nxf2 15.
Kxf2 Bh4+ 16. Kg2 e4 17. gxh5 exf3+ 18. Kxf3 Qg5 19. Rf1 1/2-1/2